| 000 | 00434nam a22001697a 4500 | ||
|---|---|---|---|
| 005 | 20160630122134.0 | ||
| 008 | 160630b xxu||||| |||| 00| 0 eng d | ||
| 020 | _a81-219-3360-1 | ||
| 041 | _aeng | ||
| 082 | _b19725 | ||
| 100 |
_aArora, C L & hemne Dr P S _93306 |
||
| 245 | _aPhysics for Degree Students | ||
| 260 |
_aNew Delhi _bSultan Chand & Sons, _c2014 |
||
| 300 | _a878 | ||
| 650 |
_aDiploma Engineering _9817 |
||
| 942 | _cBK | ||
| 999 |
_c4921 _d4919 |
||